[Event "Foxwoods Open"]
[Site "Connecticut"]
[Date "2001.04.12"]
[Round "1"]
[White "Privman, Boris"]
[Black "Shabalov, Alexande"]
[Result "0-1"]
[WhiteElo "2266"]
[BlackElo "2699"]
[PlyCount "52"]
[EventDate "2001.??.??"]

1. d4 Nf6 2. c4 e6 3. Nc3 Bb4 4. Bd2 d5 5. e3 O-O 6. Nf3 b6 7. a3 Be7 8. cxd5
exd5 9. Bd3 Bg4 10. Qc2 Bxf3 11. gxf3 c5 12. O-O Nc6 13. Qa4 Qd6 14. Ba6 Nd8
15. Kh1 Qe6 16. Rg1 Qf5 17. Rg3 Ne6 18. Rag1 cxd4 19. exd4 Bd6 20. f4 Nh5 21.
Bd3 Nxg3+ 22. Rxg3 Qh5 23. Be2 Qh4 24. f5 Bxg3 25. fxg3 Qxd4 26. fxe6 Qxd2 0-1

[Event "Foxwoods Open"]
[Site "Connecticut"]
[Date "2001.04.12"]
[Round "1"]
[White "Kosyrev, Vladimir"]
[Black "Fink, Stanley W"]
[Result "1-0"]
[WhiteElo "2665"]
[BlackElo "2252"]
[PlyCount "51"]
[EventDate "2001.??.??"]

1. d4 Nf6 2. c4 c5 3. d5 e6 4. Nc3 exd5 5. cxd5 d6 6. e4 g6 7. Bd3 Bg7 8. h3
O-O 9. Nf3 a6 10. a4 Nbd7 11. O-O Nh5 12. Re1 Ne5 13. Be2 Re8 14. Nxe5 Rxe5 15.
f4 Qh4 16. fxe5 Bxe5 17. Bxh5 gxh5 18. Re3 Kh8 19. Qe1 Qf4 20. Ne2 Qh2+ 21. Kf2
Bf6 22. Rf3 Bh4+ 23. Ng3 Bxh3 24. Qg1 Qxg1+ 25. Kxg1 Bg4 26. Nf5 1-0

[Event "Foxwoods Open"]
[Site "Connecticut"]
[Date "2001.04.12"]
[Round "1"]
[White "Strenzwilk, Denis"]
[Black "Gurevich, Dmitry"]
[Result "1/2-1/2"]
[WhiteElo "2232"]
[BlackElo "2644"]
[PlyCount "113"]
[EventDate "2001.??.??"]

1. b3 d5 2. Bb2 c5 3. e3 a6 4. Nf3 Nc6 5. Be2 d4 6. exd4 cxd4 7. O-O g6 8. Re1
Bg7 9. c4 Nf6 10. d3 O-O 11. b4 b5 12. Nbd2 Nh5 13. a3 e5 14. cxb5 axb5 15. Rc1
Bb7 16. Nb3 Rc8 17. Nc5 Ba8 18. Qb3 Nf4 19. Bf1 Nb8 20. Ne4 Bd5 21. Qd1 f5 22.
Nc5 Nc6 23. g3 Nh5 24. Bg2 Re8 25. Nh4 Bxg2 26. Nxg2 Kh8 27. Qb3 Qd6 28. Nh4
Re7 29. Nf3 h6 30. Nh4 Kh7 31. Qd1 Nf6 32. Qf3 Ree8 33. Nb7 Qd7 34. Nc5 Qf7 35.
Qd1 e4 36. dxe4 fxe4 37. Qb3 Qxb3 38. Nxb3 d3 39. Nd2 Red8 40. Ng2 g5 41. Ne3
Kg6 42. Nd1 Nd4 43. Rxc8 Ne2+ 44. Kf1 Rxc8 45. Bxf6 Bxf6 46. Nxe4 Bd4 47. f3
Rc2 48. Ndf2 Bxf2 49. Nxf2 Nd4 50. Nxd3 Rxh2 51. Nf2 Nxf3 52. Rd1 h5 53. Rd6+
Kf7 54. Rd5 Ke6 55. Rxb5 Nd2+ 56. Kg1 Nf3+ 57. Kf1 1/2-1/2

[Event "Foxwoods Open"]
[Site "Connecticut"]
[Date "2001.04.13"]
[Round "1"]
[White "Stripunsky, Alexan"]
[Black "Benen, Samson"]
[Result "1/2-1/2"]
[WhiteElo "2627"]
[BlackElo "2223"]
[PlyCount "112"]
[EventDate "2001.??.??"]

1. e4 c5 2. Nf3 d6 3. d4 cxd4 4. Nxd4 Nf6 5. Nc3 g6 6. Be3 Bg7 7. f3 Nc6 8. Qd2
O-O 9. g4 Bd7 10. O-O-O Qa5 11. h4 Rfc8 12. Nb3 Qc7 13. h5 Ne5 14. Be2 b5 15.
hxg6 fxg6 16. g5 b4 17. Nb5 Bxb5 18. Bxb5 Nxf3 19. Qg2 Ng4 20. Bf4 e5 21. Na1
Qf7 22. Qxf3 Qxf4+ 23. Qxf4 exf4 24. Rxd6 f3 25. Bd7 Nf2 26. Be6+ Kh8 27. Bxc8
Rxc8 28. Rh4 Rf8 29. Nb3 Be5 30. Rd2 Bg3 31. Rh6 Bf4 32. Kb1 Bxg5 33. Rxh7+
Kxh7 34. Rxf2 Be3 35. Rf1 g5 36. Na5 g4 37. Nc4 Bc5 38. Ne5 g3 39. Rxf3 Rxf3
40. Nxf3 g2 41. Kc1 g1=Q+ 42. Nxg1 Bxg1 43. Kd2 Bd4 44. c3 bxc3+ 45. bxc3 Be5
46. Kd3 Kg7 47. c4 Kf6 48. c5 Ke6 49. Kc4 Bh2 50. Kb5 Bg1 51. a4 Kd7 52. e5 Bd4
53. c6+ Kc7 54. e6 Kd6 55. a5 Bf6 56. Ka6 Kxc6 1/2-1/2

[Event "Foxwoods Open"]
[Site "Connecticut"]
[Date "2001.04.11"]
[Round "1"]
[White "Finegold, Benjamin"]
[Black "Bierkens, Pieter A"]
[Result "1-0"]
[WhiteElo "2596"]
[BlackElo "2215"]
[PlyCount "75"]
[EventDate "2001.??.??"]

1. d4 d5 2. c4 c6 3. Nc3 Nf6 4. e3 e6 5. Nf3 Nbd7 6. Qc2 Bd6 7. Be2 O-O 8. O-O
dxc4 9. Bxc4 b5 10. Bb3 Bb7 11. Rd1 Qc7 12. e4 e5 13. h3 a6 14. a3 Rae8 15.
dxe5 Nxe5 16. Nd4 Bc5 17. Nf5 Bc8 18. Be3 Bxe3 19. Nxe3 Bxh3 20. gxh3 Nf3+ 21.
Kf1 Qf4 22. Ne2 Qh2 23. Ng3 c5 24. Ke2 Nxe4 25. Nxe4 Nd4+ 26. Rxd4 cxd4 27. Nf5
Qe5 28. Nfg3 d3+ 29. Kxd3 Rc8 30. Bxf7+ Kxf7 31. Qb3+ Kg6 32. Ke2 Rc4 33. Rg1
Kh6 34. Qe3+ Rf4 35. Nd2 Qc7 36. Nf5+ Kh5 37. Nxg7+ Kh6 38. Qe6+ 1-0

[Event "Foxwoods Open"]
[Site "Connecticut"]
[Date "2001.04.12"]
[Round "1"]
[White "Shaw, Alan"]
[Black "Tinajero, Alberto E"]
[Result "0-1"]
[WhiteElo "2200"]
[BlackElo "2469"]
[PlyCount "80"]
[EventDate "2001.??.??"]

1. d4 d5 2. Nf3 Nf6 3. e3 c6 4. c4 e6 5. Nbd2 Nbd7 6. Bd3 Bd6 7. O-O O-O 8. e4
dxe4 9. Nxe4 Nxe4 10. Bxe4 h6 11. Bc2 Nf6 12. b3 b6 13. Bb2 Bb7 14. Qd3 Re8 15.
Rfe1 Qc7 16. c5 Be7 17. b4 Rad8 18. Qb3 Rd5 19. Ne5 Bf8 20. Qf3 Rdd8 21. Rad1
Re7 22. Bc1 Nd5 23. a3 Ba6 24. Re4 bxc5 25. bxc5 f6 26. Ng6 Ree8 27. Nf4 e5 28.
dxe5 fxe5 29. Nh5 Qf7 30. Qg4 Bc8 31. Qf3 Bxc5 32. Bb2 Qxf3 33. gxf3 Bd6 34.
Bb3 Bb7 35. Ng3 Kh7 36. Nf5 Bc7 37. Rde1 Bc8 38. Nd4 Bd7 39. Nc2 Bf5 40. Rc4
Rd6 0-1

[Event "Foxwoods Open"]
[Site "Connecticut"]
[Date "2001.04.13"]
[Round "1"]
[White "Armes, Robert C"]
[Black "Winer, Steven"]
[Result "0-1"]
[WhiteElo "2096"]
[BlackElo "2404"]
[PlyCount "78"]
[EventDate "2001.??.??"]

1. e4 c5 2. c3 e6 3. d4 d5 4. e5 Nc6 5. Nf3 Qb6 6. a3 Nh6 7. b4 cxd4 8. cxd4
Nf5 9. Be3 Be7 10. Bd3 Nxe3 11. fxe3 f6 12. O-O Bd7 13. Nc3 O-O 14. Na4 Qd8 15.
b5 Na5 16. exf6 Bxf6 17. Nc5 b6 18. Ne5 bxc5 19. Qh5 g6 20. Bxg6 Qe7 21. Qxh7+
Qxh7 22. Bxh7+ Kxh7 23. Nxd7 Kg7 24. Nxc5 Rfe8 25. Nd7 Bg5 26. Rf3 Nc4 27. Rg3
Kh6 28. Rh3+ Kg6 29. Rg3 Re7 30. Ne5+ Nxe5 31. dxe5 Rh8 32. Rf1 Rh5 33. Rf4 Kh7
34. Rfg4 Bh6 35. Kf2 Rxh2 36. Rh3 Rxh3 37. gxh3 Bg7 38. Rg5 Rc7 39. Kf3 Rc3 0-1

[Event "Foxwoods Open"]
[Site "Foxwoods"]
[Date "2001.04.13"]
[Round "2"]
[White "Shabalov, Alexande"]
[Black "Pixton, Aaron"]
[Result "1/2-1/2"]
[WhiteElo "2699"]
[BlackElo "2337"]
[PlyCount "102"]
[EventDate "2001.??.??"]

1. e4 c5 2. Nf3 d6 3. d4 cxd4 4. Nxd4 Nf6 5. Nc3 g6 6. Be3 Bg7 7. f3 O-O 8. Qd2
Nc6 9. Bc4 Bd7 10. h4 Ne5 11. Bb3 Qa5 12. h5 Nxh5 13. g4 Nf6 14. O-O-O Rac8 15.
Kb1 Rxc3 16. Qxc3 Qxc3 17. bxc3 Rc8 18. Bd2 b5 19. Rhe1 a5 20. a3 a4 21. Ba2
Rc5 22. Kb2 Kf8 23. Rf1 Ke8 24. Be3 Rc7 25. Ne2 Be6 26. g5 Nh5 27. Bxe6 fxe6
28. Ka2 Nc4 29. Bg1 Kd7 30. f4 h6 31. gxh6 Bxh6 32. Rd3 e5 33. fxe5 Nxe5 34.
Rh3 Bg7 35. Bd4 Nf6 36. Nf4 Nxe4 37. Nd5 Rb7 38. Rh7 Ng3 39. Rxg7 Nxf1 40.
Rxe7+ Kc8 41. Nb6+ Rxb6 42. Bxb6 Nd2 43. Bc5 Nec4 44. Bb4 Kb8 45. Rg7 Kc8 46.
Rxg6 Kc7 47. Rg3 Kc6 48. Rd3 Ne4 49. Kb1 Nf6 50. Kc1 Nd5 51. Rd4 Nde3 1/2-1/2

[Event "Foxwoods Open"]
[Site "Foxwoods"]
[Date "2001.04.13"]
[Round "2"]
[White "Bennett, Allan D"]
[Black "Kosyrev, Vladimir"]
[Result "0-1"]
[WhiteElo "2293"]
[BlackElo "2665"]
[PlyCount "129"]
[EventDate "2001.??.??"]

1. e4 e6 2. Nf3 d5 3. Nc3 Bb4 4. Be2 Ne7 5. e5 O-O 6. O-O Nd7 7. a3 Bxc3 8.
bxc3 c5 9. d4 c4 10. Ng5 h6 11. Nh3 f5 12. Nf4 Nb6 13. a4 Bd7 14. a5 Nbc8 15.
Ba3 Kh7 16. h4 g6 17. g3 Rf7 18. Kg2 Nc6 19. Bc1 N8e7 20. Rh1 Nxa5 21. Bf3 Nac6
22. Qd2 Qf8 23. Nh3 Qg7 24. Ba3 Kg8 25. Rhb1 Nd8 26. Nf4 Kh7 27. Rh1 b6 28. Bd6
Ndc6 29. Rh2 b5 30. Nh3 Kg8 31. Be2 a5 32. f4 h5 33. Rhh1 Ra7 34. Rhb1 Rb7 35.
Ng5 Rf8 36. Qd1 Ra8 37. Kf2 Nd8 38. Ra2 Nec6 39. Bf3 Nf7 40. Nxf7 Qxf7 41. Rbb2
Be8 42. Qb1 Nd8 43. Ra3 Rba7 44. Rba2 Nc6 45. Bc5 Rb7 46. Ke3 Qc7 47. Bb4 Rba7
48. Bc5 Ra6 49. Qa1 Qb7 50. Bd1 Bd7 51. Bf3 Bc8 52. Rb2 b4 53. Qd1 Bd7 54. Ra1
Qc8 55. cxb4 axb4 56. Rab1 Ra3+ 57. Kf2 c3 58. Rb3 R8a4 59. Bxh5 gxh5 60. Qxh5
Qe8 61. Qg5+ Kh7 62. Rxa3 Rxa3 63. g4 fxg4 64. Bxb4 Ra2 65. Rg1 0-1

[Event "Foxwoods Open"]
[Site "Foxwoods"]
[Date "2001.04.13"]
[Round "2"]
[White "Tinajero, Alberto E"]
[Black "Merado, Martin S"]
[Result "1-0"]
[WhiteElo "2469"]
[BlackElo "1900"]
[PlyCount "47"]
[EventDate "2001.??.??"]

1. d4 g6 2. c4 Bg7 3. Nc3 c5 4. d5 Bxc3+ 5. bxc3 f5 6. h4 Nf6 7. h5 Qa5 8. Bd2
Nxh5 9. e4 fxe4 10. g4 Nf6 11. g5 e3 12. gxf6 exd2+ 13. Kxd2 Qb6 14. fxe7 Qb2+
15. Qc2 Qxc2+ 16. Kxc2 Kxe7 17. Re1+ Kd6 18. Bd3 Rf8 19. Rxh7 Rxf2+ 20. Kb1 b6
21. Rh8 Na6 22. Rhe8 Rd2 23. Be2 Kc7 24. Nf3 1-0

[Event "Foxwoods Open"]
[Site "Foxwoods"]
[Date "2001.04.13"]
[Round "2"]
[White "Berger, Craig"]
[Black "Andrianov, Nikolay"]
[Result "0-1"]
[WhiteElo "1881"]
[BlackElo "2460"]
[PlyCount "62"]
[EventDate "2001.??.??"]

1. e4 c5 2. b4 cxb4 3. a3 b3 4. cxb3 d5 5. exd5 Nf6 6. Bb5+ Nbd7 7. Nc3 g6 8.
Bb2 Bg7 9. Qc2 O-O 10. Nge2 Nb6 11. Ng3 Nbxd5 12. h4 Nf4 13. Nce2 Nxg2+ 14. Kf1
Qb6 15. Bc4 Ng4 16. Ne4 Bf5 17. Bxg7 Bxe4 18. Bd4 Qc6 19. Qc3 N2e3+ 20. dxe3
Bxh1 21. Nf4 b5 22. Be2 Nh2+ 23. Kg1 Nf3+ 24. Kxh1 Nxd4+ 25. Qxc6 Nxc6 26. Bxb5
Ne5 27. Rg1 Rab8 28. Ba4 Rfd8 29. h5 Kg7 30. b4 Rd2 31. hxg6 hxg6 0-1

[Event "Foxwoods Open"]
[Site "Foxwoods"]
[Date "2001.04.13"]
[Round "2"]
[White "Winer, Steven"]
[Black "Stephano, Philip"]
[Result "1-0"]
[WhiteElo "2404"]
[BlackElo "1688"]
[PlyCount "71"]
[EventDate "2001.??.??"]

1. d4 Nf6 2. c4 e6 3. Nc3 Bb4 4. e3 Bxc3+ 5. bxc3 c5 6. Bd3 Nc6 7. Ne2 O-O 8.
e4 d6 9. f4 Nh5 10. d5 Na5 11. Ng3 Nf6 12. O-O exd5 13. cxd5 c4 14. Bc2 Ng4 15.
Qf3 f6 16. h3 Nh6 17. Rb1 b6 18. Ne2 Bd7 19. Nd4 Qc8 20. Qh5 Nb7 21. Rf3 Qe8
22. Qh4 Nc5 23. f5 Nf7 24. Rg3 Ne5 25. Bh6 Rf7 26. Ne6 Bxe6 27. fxe6 Rc7 28.
Bf4 Qe7 29. Rf1 Rac8 30. Bxe5 dxe5 31. Qxf6 Qxf6 32. Rxf6 Nd3 33. d6 Kh8 34.
Rff3 Rc6 35. d7 Rg8 36. e7 1-0

[Event "Foxwoods Open"]
[Site "Foxwoods"]
[Date "2001.04.13"]
[Round "2"]
[White "Gurevich, Dmitry"]
[Black "Mayer, Steven F"]
[Result "1-0"]
[WhiteElo "2644"]
[BlackElo "2207"]
[PlyCount "57"]
[EventDate "2001.??.??"]

1. d4 Nf6 2. c4 c5 3. Nf3 cxd4 4. Nxd4 g6 5. Nc3 Bg7 6. e4 Nc6 7. Be3 Ng4 8.
Qxg4 Nxd4 9. Qd1 Ne6 10. Rc1 d6 11. Bd3 O-O 12. O-O a5 13. Bb1 Nc5 14. b3 Bd7
15. Qd2 Bc6 16. f3 Re8 17. Rfd1 b6 18. Nd5 Qb8 19. h4 e6 20. Nc3 Rd8 21. h5 Ra7
22. Bg5 f6 23. Be3 f5 24. exf5 gxf5 25. Bg5 Rdd7 26. h6 Bf8 27. Bf6 Kf7 28. Qg5
Ke8 29. Re1 1-0

[Event "Foxwoods Open"]
[Site "Foxwoods"]
[Date "2001.04.13"]
[Round "2"]
[White "Novikov, Igor"]
[Black "Visweswaran, Kames"]
[Result "1-0"]
[WhiteElo "2698"]
[BlackElo "2350"]
[PlyCount "55"]
[EventDate "2001.??.??"]

1. d4 Nf6 2. c4 g6 3. Nc3 Bg7 4. e4 d6 5. f3 O-O 6. Bg5 c5 7. d5 Qa5 8. Nge2 b5
9. cxb5 a6 10. Ng3 Nbd7 11. Bd2 axb5 12. Nxb5 Qb6 13. Bc3 Ne5 14. Be2 Ba6 15.
a4 h5 16. O-O Ned7 17. Nh1 Rfb8 18. Nf2 Ne8 19. Qd2 Nc7 20. Ba5 Qb7 21. Bxc7
Bxb5 22. Bxb8 Bxe2 23. Qxe2 Qxb8 24. Rfb1 Bd4 25. Kf1 Ra5 26. Ra2 Nb6 27. b4
Nxa4 28. Qd3 1-0

[Event "Foxwoods Open"]
[Site "Foxwoods"]
[Date "2001.04.14"]
[Round "2"]
[White "Strenzwilk, Denis"]
[Black "Kleiman, Jake"]
[Result "1-0"]
[WhiteElo "2210"]
[BlackElo "2092"]
[PlyCount "41"]
[EventDate "2001.??.??"]

1. e4 c5 2. Nf3 e6 3. d4 cxd4 4. Nxd4 a6 5. Nc3 Qc7 6. Be3 Nf6 7. f3 Nc6 8. Qd2
Bb4 9. O-O-O d5 10. a3 Bxc3 11. Qxc3 dxe4 12. Nxc6 Qxc6 13. Qxc6+ bxc6 14. Bd4
exf3 15. gxf3 Nh5 16. Rg1 f6 17. Bc4 e5 18. Bc5 a5 19. Rd6 Ba6 20. Re6+ Kf7 21.
Re7+ 1-0

[Event "Foxwoods Open"]
[Site "Foxwoods"]
[Date "2001.04.14"]
[Round "2"]
[White "Viswewaran, Kames"]
[Black "Song, Paul"]
[Result "1-0"]
[WhiteElo "2350"]
[BlackElo "2100"]
[PlyCount "51"]
[EventDate "2001.??.??"]

1. e4 c6 2. d4 d5 3. Nc3 dxe4 4. Nxe4 Nd7 5. Ng5 Ngf6 6. Bc4 e6 7. Qe2 Nb6 8.
Bd3 h6 9. N5f3 Qc7 10. Ne5 Bd6 11. Ngf3 O-O 12. Bd2 c5 13. dxc5 Bxc5 14. O-O-O
a5 15. g4 Nbd5 16. g5 hxg5 17. Bxg5 Nh7 18. Rhg1 Ndf6 19. Bh6 g6 20. Bxf8 Bxf8
21. Nxf7 Kxf7 22. Ne5+ Kg8 23. Rxg6+ Kh8 24. Rdg1 b6 25. Qh5 Bg7 26. Rxf6 1-0

[Event "Foxwoods Open"]
[Site "Foxwoods"]
[Date "2001.04.13"]
[Round "3"]
[White "Kosyrev, Vladimir"]
[Black "Escobedo Tinajero, Alberto "]
[Result "1/2-1/2"]
[WhiteElo "2665"]
[BlackElo "2469"]
[PlyCount "109"]
[EventDate "2001.??.??"]

1. d4 d5 2. c4 e6 3. Nf3 Nf6 4. Bg5 c6 5. e3 Be7 6. Nc3 Nbd7 7. Bd3 dxc4 8.
Bxc4 Nd5 9. Bxe7 Qxe7 10. Rc1 O-O 11. Ne4 Qb4+ 12. Qd2 Qxd2+ 13. Kxd2 N7f6 14.
Nxf6+ Nxf6 15. Bb3 Rd8 16. Ke2 Bd7 17. Ne5 Be8 18. Rhd1 Kf8 19. f3 Ke7 20. e4
Nd7 21. Nd3 Rac8 22. Ke3 f6 23. f4 Bf7 24. e5 Bg6 25. Nc5 Nxc5 26. dxc5 fxe5
27. fxe5 Rxd1 28. Rxd1 Bf7 29. Rd4 Rd8 30. Rxd8 Kxd8 31. Bc2 h6 32. h4 Ke7 33.
Be4 Be8 34. b4 a6 35. Kd4 Bh5 36. Ke3 Be8 37. Kf4 g6 38. Ke3 Kd8 39. Kd4 Kc7
40. Kc3 Kd7 41. Kb2 Kc7 42. Kb3 Kd8 43. Ka4 Kc7 44. Ka5 Bf7 45. Bd3 Be8 46. Bc4
Bf7 47. g4 Bg8 48. g5 hxg5 49. hxg5 Bf7 50. a4 Bg8 51. Bxa6 bxa6 52. Kxa6 Bf7
53. b5 cxb5 54. axb5 Be8 55. Ka5 1/2-1/2

[Event "Foxwoods Open"]
[Site "Foxwoods"]
[Date "2001.04.14"]
[Round "3"]
[White "Karklins, Andrew"]
[Black "Kudrin, Sergey"]
[Result "0-1"]
[WhiteElo "2406"]
[BlackElo "2592"]
[PlyCount "88"]
[EventDate "2001.??.??"]

1. e4 c5 2. Nf3 d6 3. d4 cxd4 4. Nxd4 Nf6 5. Nc3 g6 6. g3 Bg7 7. Bg2 O-O 8. b3
Nc6 9. Bb2 Qa5 10. Nxc6 bxc6 11. Qd2 Rb8 12. Na4 Qh5 13. h4 d5 14. Qg5 Qxg5 15.
hxg5 Nxe4 16. Bxg7 Kxg7 17. Bxe4 dxe4 18. Rh4 Bf5 19. O-O-O f6 20. gxf6+ exf6
21. Rf4 h5 22. Nc5 Rfe8 23. Rd6 Rbc8 24. f3 exf3 25. Rxf3 Re2 26. Rc3 g5 27.
Rd4 Kg6 28. Nb7 Bh3 29. Nd6 Rc7 30. Rc5 Re3 31. b4 Rxg3 32. b5 Rg1+ 33. Kb2 Bg2
34. Nf5 Rb7 35. Nd6 Rb8 36. a4 cxb5 37. axb5 a6 38. c4 axb5 39. cxb5 Bf1 40.
Rb4 h4 41. Rc8 Rxc8 42. Nxc8 Bxb5 43. Rxb5 h3 44. Ne7+ Kf7 0-1

[Event "Foxwoods Open"]
[Site "Foxwoods"]
[Date "2001.04.13"]
[Round "3"]
[White "Stripunsky, Alexan"]
[Black "Mac Intyre, Paul"]
[Result "1/2-1/2"]
[WhiteElo "2627"]
[BlackElo "2326"]
[PlyCount "38"]
[EventDate "2001.??.??"]

1. e4 e5 2. Nf3 Nc6 3. Bb5 a6 4. Ba4 Nf6 5. O-O Nxe4 6. d4 b5 7. Bb3 d5 8. dxe5
Be6 9. Be3 Be7 10. c3 Qd7 11. Nbd2 Rd8 12. Nd4 Nxd2 13. Bxd2 O-O 14. Re1 Nxd4
15. cxd4 c5 16. dxc5 Bxc5 17. Bc2 Bf5 18. Rc1 Rc8 19. Bxf5 Qxf5 1/2-1/2

[Event "Foxwoods Open"]
[Site "Foxwoods"]
[Date "2001.04.13"]
[Round "3"]
[White "Henry, Ronald L"]
[Black "Bennett, Allan D"]
[Result "1-0"]
[WhiteElo "2211"]
[BlackElo "2293"]
[PlyCount "29"]
[EventDate "2001.??.??"]

1. e4 e5 2. Nf3 Nc6 3. Bb5 Nf6 4. O-O Nxe4 5. d4 a6 6. Bxc6 dxc6 7. Qe2 Bf5 8.
g4 Bg6 9. Nxe5 Qxd4 10. Nf3 Qd5 11. Nc3 Qe6 12. Nxe4 Qxg4+ 13. Ng3+ Kd8 14.
Rd1+ Bd6 15. Rd4 1-0

[Event "Foxwoods Open"]
[Site "Foxwoods"]
[Date "2001.04.13"]
[Round "3"]
[White "Tate, Emory A"]
[Black "Curran, Christopher"]
[Result "1-0"]
[WhiteElo "2433"]
[BlackElo "1167"]
[PlyCount "29"]
[EventDate "2001.??.??"]

1. e4 c5 2. Nf3 d6 3. d4 cxd4 4. Bb5+ Bd7 5. Nxd4 Bxb5 6. Nxb5 Nf6 7. O-O Nxe4
8. Re1 Nxf2 9. Nxd6+ Qxd6 10. Qxd6 e6 11. Rxe6+ fxe6 12. Qxe6+ Be7 13. Bg5 Nc6
14. Nc3 Rf8 15. Nd5 1-0

[Event "Foxwoods Open"]
[Site "Foxwoods"]
[Date "2001.04.13"]
[Round "3"]
[White "Stolerman, Jack"]
[Black "Mayer, Steve"]
[Result "0-1"]
[WhiteElo "2079"]
[BlackElo "2207"]
[PlyCount "74"]
[EventDate "2001.??.??"]

1. e4 c5 2. Nf3 d6 3. d4 Nf6 4. Nc3 cxd4 5. Nxd4 Nc6 6. Bg5 e6 7. Qd2 a6 8. f4
h6 9. Bxf6 Qxf6 10. Nf3 Be7 11. h4 Qg6 12. O-O-O Qh5 13. Bc4 b5 14. Bb3 Qc5 15.
e5 d5 16. Ne2 a5 17. a4 O-O 18. Qc3 Qb6 19. Ned4 Nxd4 20. Nxd4 Bd7 21. Nxb5
Bxb5 22. axb5 a4 23. Ba2 a3 24. b3 Rfc8 25. Qd3 Ra5 26. g3 Rxb5 27. Rh2 Rbc5
28. Qd4 Qc7 29. Rdd2 Rc3 30. Rhg2 Rf3 31. b4 Rb8 32. Rdf2 Rxb4 33. Qd2 Rc3 34.
Qe2 Rb2 35. Bb1 Rxb1+ 36. Kxb1 Qb6+ 37. Kc1 a2 0-1

[Event "Foxwoods Open"]
[Site "Foxwoods"]
[Date "2001.04.14"]
[Round "4"]
[White "Ibragimov, Ildar"]
[Black "Pixton, Aaron"]
[Result "1-0"]
[WhiteElo "2665"]
[BlackElo "2337"]
[PlyCount "81"]
[EventDate "2001.??.??"]

1. Nf3 e6 2. c4 b6 3. g3 Bb7 4. Bg2 c5 5. O-O Nf6 6. Nc3 d6 7. Re1 Be7 8. e4 a6
9. d4 cxd4 10. Nxd4 Qc7 11. Be3 O-O 12. Rc1 Nbd7 13. f4 Rfe8 14. g4 Nf8 15. g5
N6d7 16. h4 Rac8 17. b3 Qb8 18. f5 g6 19. fxe6 fxe6 20. Rf1 Bd8 21. Rc2 Ne5 22.
Bh3 Rc7 23. Nf3 Rf7 24. Nxe5 Rxf1+ 25. Qxf1 dxe5 26. Qf3 Bc6 27. Nd1 Qb7 28.
Nf2 Re7 29. Ng4 Rf7 30. Nh6+ Kg7 31. Qxf7+ Qxf7 32. Nxf7 Kxf7 33. Rd2 Bc7 34.
b4 Bxe4 35. Bg2 Bf5 36. Bb7 a5 37. b5 Ke7 38. Bc6 e4 39. c5 e5 40. cxb6 Bd6 41.
b7 1-0

[Event "Foxwoods Open"]
[Site "Foxwoods"]
[Date "2001.04.14"]
[Round "4"]
[White "Ashley, Maurice A"]
[Black "Kosyrev, Vladimir"]
[Result "1-0"]
[WhiteElo "2553"]
[BlackElo "2665"]
[PlyCount "87"]
[EventDate "2001.??.??"]

1. e4 e6 2. d4 d5 3. Nc3 Bb4 4. e5 c5 5. a3 Bxc3+ 6. bxc3 Ne7 7. Qg4 O-O 8. Bd3
Nbc6 9. Qh5 Ng6 10. Nf3 Qc7 11. Be3 c4 12. Bxg6 fxg6 13. Qg4 Qf7 14. Ng5 Qe8
15. h4 Ne7 16. h5 h6 17. Nh3 gxh5 18. Qe2 h4 19. g4 hxg3 20. fxg3 Qg6 21. O-O-O
Nf5 22. Bf2 Nxg3 23. Bxg3 Qxg3 24. Kb2 Qf3 25. Qh2 Bd7 26. Rdg1 Rae8 27. Rg3
Qf5 28. Nf2 Ba4 29. Ng4 Kf7 30. Ne3 Qh7 31. Qh5+ Ke7 32. Rg6 Kd7 33. Qg4 Kc8
34. Rxg7 Qh8 35. Rg6 Qh7 36. Rhxh6 Qd7 37. Rxe6 Kb8 38. Rxe8+ Qxe8 39. Qe6 Qb5+
40. Kc1 Rd8 41. Qf6 Qe8 42. Nxd5 Qg8 43. Ne3 Re8 44. Qg6 1-0

[Event "Foxwoods Open"]
[Site "Foxwoods"]
[Date "2001.04.14"]
[Round "4"]
[White "Bauer, Richard N"]
[Black "Stripunsky, Alexan"]
[Result "0-1"]
[WhiteElo "2270"]
[BlackElo "2627"]
[PlyCount "86"]
[EventDate "2001.??.??"]

1. e4 c5 2. Nf3 e6 3. c3 Nf6 4. d3 b5 5. Bg5 h6 6. Bh4 g5 7. Bg3 Bb7 8. Be2 Nc6
9. Nbd2 Nh5 10. Ne5 Nxg3 11. Nxc6 Bxc6 12. fxg3 Bg7 13. O-O O-O 14. Bf3 b4 15.
Rc1 bxc3 16. bxc3 Rb8 17. Qc2 Bb5 18. Rfe1 d6 19. Kh1 Qa5 20. Nb3 Qa3 21. Qd2
Ba4 22. Bd1 Bc6 23. Rb1 a5 24. Qc1 Qxc1 25. Rxc1 a4 26. Na5 Bb5 27. Be2 Ba6 28.
Rc2 Rb6 29. Nc4 Bxc4 30. dxc4 a3 31. Kg1 Rb2 32. Bd3 Rxc2 33. Bxc2 Bxc3 34. Rb1
Bb2 35. Kf1 Kg7 36. Rd1 Rd8 37. Ke2 Rd7 38. Rf1 Rb7 39. Rf3 Rb4 40. Bb3 g4 41.
Rd3 Kf6 42. Kd1 Ke5 43. Kc2 Bd4 0-1

[Event "Foxwoods Open"]
[Site "Foxwoods"]
[Date "2001.04.14"]
[Round "4"]
[White "Andrianov, Nikolay"]
[Black "Furdzik, Rafal"]
[Result "1-0"]
[WhiteElo "2460"]
[BlackElo "2275"]
[PlyCount "69"]
[EventDate "2001.??.??"]

1. d4 Nf6 2. Nf3 d5 3. c4 e6 4. g3 dxc4 5. Qa4+ Bd7 6. Qxc4 Bc6 7. Bg2 Bd5 8.
Qd3 Be4 9. Qd1 c5 10. Nc3 Bc6 11. O-O Nbd7 12. Bg5 Be7 13. dxc5 Nxc5 14. Qxd8+
Rxd8 15. Rfd1 O-O 16. Ne5 Bxg2 17. Kxg2 h6 18. Be3 a5 19. Nc4 Ra8 20. Rac1 Ncd7
21. Nb5 Nd5 22. Nc7 Nxc7 23. Rxd7 Nd5 24. Rxb7 Rfb8 25. Rxb8+ Rxb8 26. b3 a4
27. bxa4 Rb4 28. a5 Ra4 29. Bd4 f6 30. e4 Nb4 31. a3 Na6 32. Rc3 Nc5 33. f3 e5
34. Be3 Kf8 35. Nb6 1-0

[Event "Foxwoods Open"]
[Site "Foxwoods"]
[Date "2001.04.14"]
[Round "4"]
[White "Steigman, A J."]
[Black "Karklins, Andrew"]
[Result "0-1"]
[WhiteElo "2260"]
[BlackElo "2406"]
[PlyCount "66"]
[EventDate "2001.??.??"]

1. e4 c5 2. Nc3 Nc6 3. g3 e6 4. Bg2 Bd6 5. d3 Nge7 6. Be3 Be5 7. Nge2 d6 8. O-O
O-O 9. Qd2 Bd4 10. f4 d5 11. Nd1 dxe4 12. dxe4 Bxe3+ 13. Qxe3 b6 14. Nf2 Ba6
15. Rfd1 Qc7 16. c3 Rad8 17. Bf3 Bb7 18. g4 Ng6 19. g5 f6 20. gxf6 Rxf6 21. e5
Rff8 22. Bg4 Qe7 23. Rd6 Rxd6 24. exd6 Qxd6 25. Rd1 Qb8 26. Qxe6+ Kh8 27. Rd7
Nxf4 28. Ng3 Nxe6 29. Bxe6 Ne5 30. Rd5 Nf3+ 31. Kg2 Ng5 32. Kg1 Nxe6 33. Rd7
Qf4 0-1

[Event "Foxwoods Open"]
[Site "Foxwoods"]
[Date "2001.04.14"]
[Round "4"]
[White "Ivanov, Alexander"]
[Black "Henry, Ronald L"]
[Result "1-0"]
[WhiteElo "2663"]
[BlackElo "2211"]
[PlyCount "71"]
[EventDate "2001.??.??"]

1. e4 c5 2. Nf3 d6 3. d4 cxd4 4. Nxd4 Nf6 5. Nc3 a6 6. g3 e6 7. Bg2 Be7 8. O-O
Bd7 9. Be3 Nc6 10. a4 O-O 11. Qe2 Qc7 12. h3 Nxd4 13. Bxd4 e5 14. Be3 Be6 15.
Rfc1 Rad8 16. Nd5 Nxd5 17. exd5 Bd7 18. a5 Rde8 19. c4 f5 20. Qd2 h6 21. b4 Bf6
22. Bb6 Qb8 23. c5 e4 24. c6 bxc6 25. dxc6 Be6 26. c7 Qb7 27. Qxd6 Bxa1 28.
Rxa1 Bc4 29. Rc1 Bd3 30. Qxd3 exd3 31. Bxb7 d2 32. Rf1 Re1 33. Bf3 Rc1 34. Kg2
f4 35. gxf4 Kh7 36. Rd1 1-0

[Event "Foxwoods Open"]
[Site "Foxwoods"]
[Date "2001.04.14"]
[Round "4"]
[White "Sheppard, Dore A"]
[Black "Paschall, William"]
[Result "0-1"]
[WhiteElo "2200"]
[BlackElo "2426"]
[PlyCount "116"]
[EventDate "2001.??.??"]

1. Nf3 Nf6 2. b3 c5 3. Bb2 d5 4. e3 a6 5. d4 cxd4 6. exd4 Bg4 7. Bd3 Nc6 8. a3
e6 9. Nbd2 Be7 10. O-O b5 11. Qe1 Qb6 12. Qe3 O-O 13. b4 Rfc8 14. Qf4 Bh5 15.
Nb3 Bg6 16. Bxg6 hxg6 17. Nc5 a5 18. Bc3 Qb8 19. Ne5 Nxe5 20. dxe5 Bxc5 21.
bxc5 Ne4 22. Bd4 Qc7 23. Rab1 Nxc5 24. Rxb5 Ne4 25. Rfb1 Nc3 26. Bxc3 Qxc3 27.
Rb7 Rf8 28. h3 Qxc2 29. R1b3 Rac8 30. Qe3 a4 31. Rb2 Qc1+ 32. Qxc1 Rxc1+ 33.
Kh2 Ra1 34. R2b4 Rxa3 35. Ra7 Ra2 36. Kg3 Re2 37. f4 g5 38. Kf3 Re1 39. Kf2 Ra1
40. fxg5 Ra2+ 41. Kg3 g6 42. Rbxa4 Re2 43. Kf4 Rxg2 44. Ra2 Rxa2 45. Rxa2 Rb8
46. Re2 Rb4+ 47. Kg3 Kf8 48. Kf3 Ke7 49. Kg3 Rb1 50. Kg2 Rb3 51. h4 Rd3 52. Kh2
Rd4 53. Kg3 Re4 54. Rb2 Rxe5 55. Rb7+ Kf8 56. Rb8+ Kg7 57. Rb7 Rf5 58. Rb8 d4
0-1